Municipalities of Forest County, Wisconsin - Statistics

General Stats
  • This quiz has been taken 3 times
  • The average score is 7 of 14
Answer Stats
Hint Answer % Correct
"A" One of the chipmunks from _ _ _ _ _ and the Chipmunks. Alvin
100%
"A and C" Your arms are strong by the creek. (😭) Armstrong Creek
100%
"B" There is a black well. Blackwell
100%
"L" The MOST common town name when it comes to this presidents last name. Lincoln
100%
"N" A big city in Tennessee. Nashville
100%
"A" You are gone. (minus the word "you" and add a letter that is already there.) Argonne
50%
"F" When you are free you have _ _ _ _ _ _ _ Freedom
50%
"L" Try saying Lagona, (LA-gon-a) then say it like your drunk. (IDK) Laona
50%
"C" Cast 'em down the well! (git rid of one letter and mash up some words to make the municipality) Caswell
0%
"C" County seat of the county. (if it was independent it would be it's capital.) Crandon
0%
"H" The word "hills" but different. 🤔 Hiles
0%
"P and R" Pebble but change three letters to make it sound mentally unstable. Then of course ya gotta add that "river" to make it sound better. Popple River
0%
"R" Bob _ _ _ _ (famous painter) Ross
0%
"W" Take a type of pepper name and cut the word in half. Wabeno
0%
No matching quizzes found
Score Distribution
Percent of People with Each Score
Percentile by Number Answered
Your Score History
You have not taken this quiz